| 000 | 00736nam a2200229Ia 4500 | ||
|---|---|---|---|
| 003 | GCL | ||
| 008 | 140319s9999 xx 000 0 ara d | ||
| 040 |
_aGCL / _cGCL |
||
| 082 | 0 | 4 |
_a398.2569 _bف م |
| 100 | 1 | _aفؤاد عباس | |
| 245 | 1 | 0 |
_aمدخل الى الفلكلور الفلسطينى / _cفؤاد عباس |
| 260 |
_a[S.N] : _bدار الموقف العربى للصحافة والنشر والتوزيع ، _c1985 |
||
| 300 | _a158 ص | ||
| 490 | _a | ||
| 650 | 0 | 4 | _aالفولكلور |
| 650 | 0 | 4 | _aفلسطين |
| 650 | 0 | 4 | _aالادب الشعبى |
| 650 | 0 | 4 | _aالمهرجانات الشعبية |
| 650 | 0 | 4 | _aالاغانى الشعبية |
| 650 | 0 | 4 | _aالتراث الفلسطينى |
| 942 |
_2ddc _cBK |
||
| 999 |
_c40719 _d40719 |
||